ATLAS OF HUMAN ANATOMY (Record no. 216210)

MARC details
000 -LEADER
fixed length control field 00437nam a22001697a 4500
008 - FIXED-LENGTH DATA ELEMENTS--GENERAL INFORMATION
fixed length control field 251119b |||||||| |||| 00| 0 eng d
020 ## - INTERNATIONAL STANDARD BOOK NUMBER
International Standard Book Number 9781788825054
050 ## - LIBRARY OF CONGRESS CALL NUMBER
Classification number QM 25 .M43 2018
100 ## - MAIN ENTRY--PERSONAL NAME
Personal name VIQUE JORDI
245 ## - TITLE STATEMENT
Title ATLAS OF HUMAN ANATOMY
260 ## - PUBLICATION, DISTRIBUTION, ETC.
Place of publication, distribution, etc. UNITED KINGDOM
Name of publisher, distributor, etc. ED-TECH PRESS
Date of publication, distribution, etc. 2018
300 ## - PHYSICAL DESCRIPTION
Extent X,734
500 ## - GENERAL NOTE
General note INCLUDES ONOMASTIC INDEX
650 ## - SUBJECT ADDED ENTRY
Topical term or geographic name entry element Human anatomy
942 ## - ADDED ENTRY ELEMENTS (KOHA)
Source of classification or shelving scheme Library of Congress Classification
Koha item type Long Loan Book
Holdings
Withdrawn status Lost status Source of classification or shelving scheme Damaged status Not for loan Collection Home library Current library Shelving location Date acquired Inventory number Total checkouts Full call number Barcode Date last seen Copy number Price effective from Koha item type Date due Date last checked out
    Library of Congress Classification     Medicine Kisii University Library Kisii University Library On Display 11/19/2025 109858   QM 25 .M43 2018 000000001435 11/19/2025 1 11/19/2025 Long Loan Book    
    Library of Congress Classification     Medicine Kisii University Library Kisii University Library On Display 11/19/2025 109857 1 QM 25.M43 2018 000000001436 04/19/2026 2 11/19/2025 Long Loan Book 05/03/2026 04/19/2026
    Library of Congress Classification     Medicine Kisii University Library Kisii University Library On Display 11/19/2025 109856   QM 25.M43 2018 000000001437 11/19/2025 3 11/19/2025 Long Loan Book    
    Library of Congress Classification     Medicine Kisii University Library Kisii University Library On Display 11/19/2025 109855   QM 25.M43 2018 000000001438 11/19/2025 1 11/19/2025 Long Loan Book